000
00318nam a2200157Ia 4500
100
_a
Cary/ Howard B.
250
_a
3
942
_c
BK
654
_a
Welding
245
_a
Modern Welding technology
260
_b
prentice hall
_c
1994
082
_a
671.521
_b
CAR
300
_a
767
546
_a
ENGLISH
999
_c
22160
_d
22160